| 000 | 00556nam a22001937a 4500 | ||
|---|---|---|---|
| 005 | 20220422121417.0 | ||
| 008 | 220422b |||||||| |||| 00| 0 eng d | ||
| 020 |
_a9788184956955 _qpbk |
||
| 082 |
_a128 _bSAD |
||
| 100 | _aSadhguru | ||
| 245 | _aMind is your business ; Body the greatest gadget [2 books in 1] | ||
| 260 |
_aMumbai _bJaico Publishing House _c2015 |
||
| 300 | _aiii, 77p., iii, 93p. ; 21cm. | ||
| 653 | _aPersonality development | ||
| 653 | _aMind and body | ||
| 653 | _aIdeas | ||
| 653 | _aPersonality development | ||
| 942 |
_2ddc _cBK |
||
| 999 |
_c50245 _d50245 |
||